00412nam a2200181Ia 4500008004000000041000800040082001200048100001900060245004400079260003900123650001300162650001000175650000700185650001100192650000800203650001100211650000800222210210b1951 xxu||||| |||| 00| 0 eng d aeng a821/504 aPALGRAVE (F T) aGolden treasury of songs and lyrics III aLondonbMacmillan & Co. Ltd.c1951 atreasury asongs aof alyrics aIII aGolden aand